南京地铁7号线 Nanjing Metro Line 7 - Statistics

General Stats
  • This quiz has been taken 16 times
  • The average score is 18 of 27
Answer Stats
换乘线路 站名 % Correct
1 晓庄
92%
幕府西路
92%
仙新路
85%
万寿
85%
2 莫愁湖
85%
丁家庄南
77%
丁家庄
77%
3 五塘广场
77%
4 草场门
77%
清凉山
77%
应天大街
77%
10 中胜
77%
西善桥
77%
5 福建路
69%
大士茶亭
69%
2 螺塘路
69%
尧化门
62%
幕府山
62%
钟阜路
62%
南湖
62%
S3 永初路
62%
尧化新村
54%
梦都大街东
54%
古平岗
46%
嘉陵江东街
46%
新城科技园
38%
太清路
38%
No matching quizzes found
Score Distribution
Percent of People with Each Score
Percentile by Number Answered
Your Score History
You have not taken this quiz